<?xml version="1.0" encoding="UTF-8"?>
<record
    xmlns:xsi="http://www.w3.org/2001/XMLSchema-instance"
    xsi:schemaLocation="http://www.loc.gov/MARC21/slim http://www.loc.gov/standards/marcxml/schema/MARC21slim.xsd"
    xmlns="http://www.loc.gov/MARC21/slim">

  <leader>00375nam a22001337a 4500</leader>
  <controlfield tag="008">250925b        |||||||| |||| 00| 0 eng d</controlfield>
  <datafield tag="020" ind1=" " ind2=" ">
    <subfield code="a">978-93-81269-23-7</subfield>
  </datafield>
  <datafield tag="100" ind1=" " ind2=" ">
    <subfield code="a">K Hwang</subfield>
  </datafield>
  <datafield tag="245" ind1=" " ind2=" ">
    <subfield code="a">Distributed &amp; Cloud Computing from Parallel Processing to the Internet of Things</subfield>
  </datafield>
  <datafield tag="260" ind1=" " ind2=" ">
    <subfield code="a">Amsterdam</subfield>
    <subfield code="b">Mogan Kaufmann</subfield>
    <subfield code="c">2024</subfield>
  </datafield>
  <datafield tag="300" ind1=" " ind2=" ">
    <subfield code="a">648</subfield>
  </datafield>
  <datafield tag="650" ind1=" " ind2=" ">
    <subfield code="a">CSE</subfield>
  </datafield>
  <datafield tag="942" ind1=" " ind2=" ">
    <subfield code="2">ddc</subfield>
    <subfield code="c">BK</subfield>
  </datafield>
  <datafield tag="999" ind1=" " ind2=" ">
    <subfield code="c">21520</subfield>
    <subfield code="d">21520</subfield>
  </datafield>
  <datafield tag="952" ind1=" " ind2=" ">
    <subfield code="p">BE 25084</subfield>
    <subfield code="g">725.00</subfield>
    <subfield code="i">08-09-2025</subfield>
    <subfield code="l">0</subfield>
    <subfield code="e">ABD Publisher</subfield>
    <subfield code="r">2025-09-25 00:00:00</subfield>
    <subfield code="w">2025-09-25</subfield>
    <subfield code="y">BK</subfield>
    <subfield code="0">0</subfield>
    <subfield code="4">0</subfield>
    <subfield code="7">1</subfield>
    <subfield code="a">MIETLIB</subfield>
    <subfield code="b">MIETLIB</subfield>
    <subfield code="c">169/3</subfield>
    <subfield code="d">2025-09-08</subfield>
    <subfield code="1">0</subfield>
    <subfield code="H">BE</subfield>
  </datafield>
  <datafield tag="952" ind1=" " ind2=" ">
    <subfield code="p">BE 25085</subfield>
    <subfield code="g">725.00</subfield>
    <subfield code="i">08-09-2025</subfield>
    <subfield code="l">0</subfield>
    <subfield code="e">ABD Publisher</subfield>
    <subfield code="r">2025-09-25 00:00:00</subfield>
    <subfield code="w">2025-09-25</subfield>
    <subfield code="y">BK</subfield>
    <subfield code="0">0</subfield>
    <subfield code="4">0</subfield>
    <subfield code="7">0</subfield>
    <subfield code="a">MIETLIB</subfield>
    <subfield code="b">MIETLIB</subfield>
    <subfield code="c">106/4</subfield>
    <subfield code="d">2025-09-08</subfield>
    <subfield code="1">0</subfield>
    <subfield code="H">BE</subfield>
  </datafield>
  <datafield tag="952" ind1=" " ind2=" ">
    <subfield code="p">BE 25086</subfield>
    <subfield code="g">725.00</subfield>
    <subfield code="i">08-09-2025</subfield>
    <subfield code="l">0</subfield>
    <subfield code="e">ABD Publisher</subfield>
    <subfield code="r">2025-09-25 00:00:00</subfield>
    <subfield code="w">2025-09-25</subfield>
    <subfield code="y">BK</subfield>
    <subfield code="0">0</subfield>
    <subfield code="4">0</subfield>
    <subfield code="7">0</subfield>
    <subfield code="a">MIETLIB</subfield>
    <subfield code="b">MIETLIB</subfield>
    <subfield code="c">106/4</subfield>
    <subfield code="d">2025-09-08</subfield>
    <subfield code="1">0</subfield>
    <subfield code="H">BE</subfield>
  </datafield>
  <datafield tag="952" ind1=" " ind2=" ">
    <subfield code="p">BE 25087</subfield>
    <subfield code="g">725.00</subfield>
    <subfield code="i">08-09-2025</subfield>
    <subfield code="l">0</subfield>
    <subfield code="e">ABD Publisher</subfield>
    <subfield code="r">2025-09-25 00:00:00</subfield>
    <subfield code="w">2025-09-25</subfield>
    <subfield code="y">BK</subfield>
    <subfield code="0">0</subfield>
    <subfield code="4">0</subfield>
    <subfield code="7">0</subfield>
    <subfield code="a">MIETLIB</subfield>
    <subfield code="b">MIETLIB</subfield>
    <subfield code="c">106/4</subfield>
    <subfield code="d">2025-09-08</subfield>
    <subfield code="1">0</subfield>
    <subfield code="H">BE</subfield>
  </datafield>
  <datafield tag="952" ind1=" " ind2=" ">
    <subfield code="p">BE 25088</subfield>
    <subfield code="g">725.00</subfield>
    <subfield code="i">08-09-2025</subfield>
    <subfield code="l">0</subfield>
    <subfield code="e">ABD Publisher</subfield>
    <subfield code="r">2025-09-25 00:00:00</subfield>
    <subfield code="w">2025-09-25</subfield>
    <subfield code="y">BK</subfield>
    <subfield code="0">0</subfield>
    <subfield code="4">0</subfield>
    <subfield code="7">0</subfield>
    <subfield code="a">MIETLIB</subfield>
    <subfield code="b">MIETLIB</subfield>
    <subfield code="c">106/4</subfield>
    <subfield code="d">2025-09-08</subfield>
    <subfield code="1">0</subfield>
    <subfield code="H">BE</subfield>
  </datafield>
</record>
